Porovnanie výkonu programovacích platforiem na vybraných mikrokontroléroch

Saved in:
Bibliographic Details
Main Author: Schwarz, Radoslav (Author)
Other Authors: Gašpar, Gabriel (Thesis advisor)
Format: Manuscript Book
Language:Slovak
Published: 2025
Subjects:
Online Access:http://is.stuba.sk/zp/portal_zp.pl?podrobnosti=183931
Tags: Add Tag
No Tags, Be the first to tag this record!

MARC

LEADER 00000ntm a22000003a 4500
001 stuzp102212
003 SK-STU
005 20250614211037.1
007 ta
008 150427s2015----xo-----f-mn---000-0-slo-d
040 |a STU  |b slo 
041 0 |a slo 
100 1 |a Schwarz, Radoslav  |u 066000  |4 aut  |U MTF Materiálovotechnologická fakulta  |T MTF Ústav aplikovanej informatiky, automatizácie a mechatroniky  |X 104580  |U M6000  |Y 86  |7 104580 
242 0 1 |a Programming platforms performance comparison on selected microcontrollers  |y eng 
245 1 0 |a Porovnanie výkonu programovacích platforiem na vybraných mikrokontroléroch 
260 |c 2025 
650 4 |a data communication  |2 eng 
650 4 |a computational test  |2 eng 
650 4 |a CircuitPython  |2 eng 
650 4 |a MicroPython  |2 eng 
650 4 |a microcontroller  |2 eng 
650 4 |a výpočtový test  |2 slo 
650 4 |a CircuitPython  |2 slo 
650 4 |a MicroPython  |2 slo 
650 4 |a dátová komunikácia  |2 slo 
650 4 |a mikrokontrolér  |2 slo 
700 1 |a Gašpar, Gabriel  |u 066000  |k Z8  |4 ths  |U MTF Materiálovotechnologická fakulta  |T MTF Ústav aplikovanej informatiky, automatizácie a mechatroniky  |X 44945  |U M6000  |Y 86  |7 A000044945 
856 4 |u http://is.stuba.sk/zp/portal_zp.pl?podrobnosti=183931 
996 |c M* DP-15638  |l MMSKP  |s P  |a 0  |w stuzp102212_0001